00554cam a2200169 a 450000100100000000500170001000800410002702000150006804000250008308200220010810000210013024501030015126000530025430000270030765000200033465000300035400001877420200929165845.0100518s1987 sp a 000 0 spa d a8433007106 aDO-SdBNPbspacBNPHU a263.041973bM388p1 aMarty, Martin E.10aPeregrinos en su propia tierra :bQuinientos años de religión en América /cMartin E. Marty. aBilbao, España :bDesclée de Brouwer,c1987. a376 p. :bil ;c23 cm. 4aPerigrinaciones 4aPerigrinaciones cristinas